书目信息 |
| 题名: |
室内装饰工程预算与投标报价
|
|
| 作者: | 郭洪武 , 刘毅 主编 | |
| 分册: | ||
| 出版信息: | 北京 中国水利水电出版社 2015.05 |
|
| 页数: | 240页 | |
| 开本: | 20cm | |
| 丛书名: | ||
| 单 册: | ||
| 中图分类: | TU723.3 | |
| 科图分类: | ||
| 主题词: | 室内装饰--建筑预算定额 , 建筑工程--施工计划 | |
| 电子资源: | ||
| ISBN: | 978-7-5170-3143-7 | |
| 000 | 01048nam0 2200277 450 | |
| 001 | 1563335189 | |
| 005 | 20150806173826.26 | |
| 010 | @a978-7-5170-3143-7@dCNY38.00 | |
| 100 | @a20150806d2015 km y0chiy0120 ea | |
| 101 | 0 | @achi |
| 102 | @aCN@b110000 | |
| 105 | @aa a 000yy | |
| 106 | @ar | |
| 200 | 1 | @a室内装饰工程预算与投标报价@Ashi nei zhuang shi gong cheng yu suan yu tou biao bao jia@f郭洪武,刘毅主编@Fguo hong wu,liu yi zhu bian |
| 205 | @a第3版 | |
| 210 | @a北京@c中国水利水电出版社@d2015.05 | |
| 215 | @a240页@d20cm | |
| 330 | @a本书详细介绍了装饰工程预算、装饰工程预算定额原理、工程量的计算原理与方法、装饰工程预算费用、工程置清单计价规范、工程量清单的编制、工程量清单计价的编制、装饰工程设计预算的编制、装饰工程招投标与合同价款,以及居室装饰工程报价及相关文件。 | |
| 586 | @a | |
| 606 | 0 | @a室内装饰@x建筑预算定额 |
| 606 | 0 | @a建筑工程@x施工计划 |
| 690 | @aTU723.3@v5 | |
| 701 | 0 | @a郭洪武@Aguo hong wu@4主编 |
| 701 | 0 | @a刘毅@Aliu yi@4主编 |
| 801 | 0 | @aCN@c20150820 |
| 905 | @a河南城建学院图书馆@dTU723.3@eG8002@f3 | |
| 室内装饰工程预算与投标报价/郭洪武,刘毅主编.-第3版.-北京:中国水利水电出版社,2015.05 |
| 240页;20cm |
| ISBN 978-7-5170-3143-7:CNY38.00 |
| 本书详细介绍了装饰工程预算、装饰工程预算定额原理、工程量的计算原理与方法、装饰工程预算费用、工程置清单计价规范、工程量清单的编制、工程量清单计价的编制、装饰工程设计预算的编制、装饰工程招投标与合同价款,以及居室装饰工程报价及相关文件。 |
| ● |
| 相关链接 |
|
|
|
正题名:室内装饰工程预算与投标报价
索取号:TU723.3/G8002
 
预约/预借
| 序号 | 登录号 | 条形码 | 馆藏地/架位号 | 状态 | 备注 |
| 1 | 1162818 | 211628185 | 建筑库201/201建筑库 34排2列4层/ [索取号:TU723.3/G8002] | 在馆 | |
| 2 | 1162819 | 211628194 | 建筑库201/201建筑库 34排2列4层/ [索取号:TU723.3/G8002] | 在馆 | |
| 3 | 1162820 | 211628201 | 管理学院资料室/ [索取号:TU723.3/G8002] | 在馆 |